000 00344nam a22001337a 4500
008 250428b |||||||| |||| 00| 0 eng d
020 _a0030635667
050 _aJK 524
_b.M66
100 _aMonroe Renwick Kristen
245 _aPresidential Popularity and the Economy
260 _aUSA
_bPraeger Publishers
_c1984
300 _a289p.
942 _cBK
999 _c3222
_d3222